| 000 | 00617nam a2200229Ia 4500 | ||
|---|---|---|---|
| 003 | OSt | ||
| 005 | 20220926042734.0 | ||
| 006 | a|||||r|||| 00| 0 | ||
| 007 | ta | ||
| 008 | 220923b |||||||| |||| 00| 0 eng d | ||
| 037 | _cGeneral Book | ||
| 040 |
_aRTL _cRTL _beng |
||
| 041 |
_2eng _aeng |
||
| 082 | _aX9:(Z), K3 | ||
| 100 |
_aCCrley Robert N _9346667 |
||
| 245 | 0 | _aLegal environment of business | |
| 260 | _c1963 | ||
| 650 |
_aIndustrial Eoconmy _9236188 |
||
| 700 |
_a Black Robert L _9346668 |
||
| 942 |
_hX9:(Z), K3 _cGB _2CC |
||
| 999 |
_c670463 _d670463 |
||